Análisis de la inserción de la vivienda proyectada para la aldea San Pablo
Presenta un análisis e interpretación de los aspectos y datos relevantes con el mismo y la búsqueda de resoluciones cuyo fin está determnado a efecto de canalizar una ayuda y mejora a un sector marginal adyacente del Casco Urbano de Cobán.
| Main Author: | |
|---|---|
| Other Authors: | |
| Format: | Tesis Section = Libro |
| Language: | Undetermined Spanish |
| Published: |
Guatemala
USAC-G
1977
|
| Subjects: |
| LEADER | 00904nam a2200217Ia 4500 | ||
|---|---|---|---|
| 008 | 240830s9999 xx 000 0 und d | ||
| 040 | |a BIBLIOTECA-RUSB/ Mon 728.1728132 Z94 | ||
| 041 | |a spa | ||
| 082 | |a Mon 728.1728132 Z94 | ||
| 100 | 1 | |a Zuchini Guzmán, Julio Roberto | |
| 245 | 1 | 0 | |a Análisis de la inserción de la vivienda proyectada para la aldea San Pablo |
| 260 | |a Guatemala |b USAC-G |c 1977 | ||
| 300 | |a 76 p. :il. | ||
| 502 | |a Tesis (Arquitecto) - USAC-G, 1977. | ||
| 520 | 3 | |a Presenta un análisis e interpretación de los aspectos y datos relevantes con el mismo y la búsqueda de resoluciones cuyo fin está determnado a efecto de canalizar una ayuda y mejora a un sector marginal adyacente del Casco Urbano de Cobán. | |
| 650 | 7 | |a VIVIENDAS ECONOMICAS - ZAC | |
| 650 | 7 | |b GUATEMALA I | |
| 700 | 1 | |a Tutor: |b Porraz Ibarra, Guillermo | |
| 942 | |c BK |2 ddc | ||
| 991 | |a TESIS | ||
| 999 | |c 21480 | ||